1100 words you need to know / (Record no. 1053)
[ view plain ]
| 000 -LEADER | |
|---|---|
| fixed length control field | 01079cam a22003014a 4500 |
| 005 - DATE AND TIME OF LATEST TRANSACTION | |
| control field | 20260322212045.0 |
| 008 - FIXED-LENGTH DATA ELEMENTS--GENERAL INFORMATION | |
| fixed length control field | data |
| 010 ## - LIBRARY OF CONGRESS CONTROL NUMBER | |
| LC control number | 2007050610 |
| 020 ## - INTERNATIONAL STANDARD BOOK NUMBER | |
| International Standard Book Number | 9780764138645 |
| 020 ## - INTERNATIONAL STANDARD BOOK NUMBER | |
| International Standard Book Number | 0764138642 |
| 040 ## - CATALOGING SOURCE | |
| Original cataloging agency | DLC |
| Transcribing agency | DLC |
| Modifying agency | DLC |
| 050 00 - LIBRARY OF CONGRESS CALL NUMBER | |
| Classification number | PE1449 |
| Item number | .B643 2008 |
| 082 00 - DEWEY DECIMAL CLASSIFICATION NUMBER | |
| Classification number | 428.1 |
| Edition information | 22 |
| 092 ## - LOCALLY ASSIGNED DEWEY CALL NUMBER (OCLC) | |
| Classification number | 428.1 B643 2008 |
| 001 - CONTROL NUMBER | |
| control field | data |
| 100 1# - MAIN ENTRY--PERSONAL NAME | |
| Personal name | Bromberg, Murray. |
| 245 10 - TITLE STATEMENT | |
| Title | 1100 words you need to know / |
| Statement of responsibility, etc. | Murray Bromberg & Melvin Gordon. |
| 246 3# - VARYING FORM OF TITLE | |
| Title proper/short title | Eleven hundred words you need to know |
| 246 14 - VARYING FORM OF TITLE | |
| Title proper/short title | Barron's 1100 words you need to know |
| 250 ## - EDITION STATEMENT | |
| Edition statement | 5th ed., 40th anniversary ed. |
| 260 ## - PUBLICATION, DISTRIBUTION, ETC. | |
| Place of publication, distribution, etc. | Hauppauge, N.Y. : |
| Name of publisher, distributor, etc. | Barron's Educational Series, |
| Date of publication, distribution, etc. | c2008. |
| 300 ## - PHYSICAL DESCRIPTION | |
| Extent | vi, 397 p. ; |
| Dimensions | 28 cm. |
| 500 ## - GENERAL NOTE | |
| General note | Includes index. |
| 505 0# - FORMATTED CONTENTS NOTE | |
| Formatted contents note | Full pronunciation key -- Weeks 1-46 -- Buried words -- Words in context -- Answers -- Final review test -- Panorama of words -- Bonus material -- VOC/Quote -- Index. |
| 650 #0 - SUBJECT ADDED ENTRY--TOPICAL TERM | |
| Topical term or geographic name entry element | Vocabulary. |
| 700 1# - ADDED ENTRY--PERSONAL NAME | |
| Personal name | Gordon, Melvin. |
| 856 42 - ELECTRONIC LOCATION AND ACCESS | |
| Materials specified | Publisher description |
| Uniform Resource Identifier | <a href="http://www.loc.gov/catdir/enhancements/fy0827/2007050610-d.html">http://www.loc.gov/catdir/enhancements/fy0827/2007050610-d.html</a> |
| Withdrawn status | Lost status | Damaged status | Not for loan | Home library | Current library | Shelving location | Date acquired | Total checkouts | Full call number | Barcode | Date last seen | Price effective from | Koha item type |
|---|---|---|---|---|---|---|---|---|---|---|---|---|---|
| Centerville | Centerville | General stacks | 22/03/2026 | 428.1 22 | BC0011087 | 22/03/2026 | 22/03/2026 | Books |